000 00300nam a2200133Ia 4500
008 230917s9999||||xx |||||||||||||| ||und||
040 _e148254
_aMAIN
041 _aEnglish
082 _a822.3 W644P
245 0 _aPlays
260 _aEngland
_bPenguin Books
_c1977
300 _a347 p.
942 _cBK
999 _c185722
_d185722